Sejarah kesusasteraan Melayu
| Format: | Book |
|---|---|
| Published: |
Kuala Lumpur :
Dewan Bahasa dan Pustaka ,
2006
|
| Series: | Siri lestari sastera
|
| Subjects: |
MARC
| LEADER | 00000cam a2200000 7i4500 | ||
|---|---|---|---|
| 001 | 0000015557 | ||
| 005 | 20080331.0 | ||
| 008 | 080331 | ||
| 020 | |a 9836287663 | ||
| 090 | 0 | 0 | |a 899.2309 |b SEJ |
| 245 | 1 | 0 | |a Sejarah kesusasteraan Melayu |
| 260 | |a Kuala Lumpur : |b Dewan Bahasa dan Pustaka , |c 2006 | ||
| 440 | |a Siri lestari sastera | ||
| 650 | 0 | |a Malay literature | |
| 999 | |a 0001018174 |b Book |c Adult Collection |e Perbadanan Perpustakaan Awam Johor | ||
| 999 | |a 0001029384 |b Book |c Adult Collection |e Perbadanan Perpustakaan Awam Johor | ||